[Event "Chigorin Mem"]
[Site "St Petersburg RUS"]
[Date "2000.10.31"]
[Round "1"]
[White "Chepukaitis,G"]
[Black "Tsarukian,E"]
[Result "1/2-1/2"]
[WhiteElo "2424"]
[BlackElo "2235"]

1.d4 Nf6 2.Bg5 d5 3.Nd2 Nbd7 4.e3 h6 5.Bh4 e5 6.Ngf3 exd4 7.exd4 Bd6 8.Be2 O-O
9.O-O Re8 10.Bg3 Ne4 11.Nxe4 dxe4 12.Nd2 Nf6 13.Nc4 Bxg3 14.hxg3 c6 15.c3 Qc7
16.Qd2 Bg4 17.Rfe1 Rad8 18.Qf4 Qxf4 19.gxf4 Bxe2 20.Rxe2 Nd5 21.g3 f5 22.Rae1 b5
23.Na5 Rd6 24.a3 g5 25.fxg5 hxg5 26.Nb7 Rh6 27.Kg2 Re7 28.Nc5 Reh7 29.Rg1 Rh2+
30.Kf1 e3 31.fxe3 Rxe2 32.Kxe2 Rh2+ 33.Kd3 Rxb2 34.Rf1 Ne7 35.g4 fxg4 36.Rg1 Ra2
37.Rxg4 Rxa3 38.Rxg5+ Kf7 39.e4 b4 40.Kc4 bxc3 41.Rg2 a5 42.Nd3 Ke8 43.Ne5 Ra4+
44.Kxc3 c5 45.Nc4 cxd4+ 46.Kxd4 Ra1 47.Kc5 Kd7 48.Rh2 Re1 49.Ne5+ Ke6 50.Nf3 Rc1+
51.Kd4 Nc6+ 52.Ke3 Kd6 53.Rh8 Kc5 54.Ra8 Kb4 55.Kd2 Rc4 56.Re8 a4 57.Ne1 a3
58.Nc2+ Kb3 59.Nxa3  1/2-1/2

[Event "34th Olympiad"]
[Site "Istanbul TUR"]
[Date "2000.11.02"]
[Round "6"]
[White "Galego,L"]
[Black "Clavijo,J"]
[Result "1-0"]
[WhiteElo "2419"]
[BlackElo "2414"]

1.d4 Nf6 2.Bg5 d5 3.Bxf6 exf6 4.e3 g6 5.c4 c6 6.cxd5 Qxd5 7.Nc3 Qa5 8.Bc4 Bd6
9.Ne2 O-O 10.O-O f5 11.Rc1 Nd7 12.a3 Nf6 13.h3 Qd8 14.Qc2 Re8 15.Rfd1 Ne4
16.d5 Nxf2 17.Kxf2 Qh4+ 18.g3 Qxc4 19.dxc6 Qe6 20.Nd5 Be5 21.Nef4 Qxc6 22.Qb3 Qa6
23.Nd3 Qd6 24.Nxe5 Qxe5 25.Nc7 Be6 26.Qb4 Bd7 27.Nxe8 Rxe8 28.Qd4 Bc6 29.Qxe5 Rxe5
30.b4 a6 31.Rc5 Re8 32.Rd6 Be4 33.Rc7 Kg7 34.Ke2 g5 35.Kd2 h5 36.h4 gxh4
37.gxh4 Rf8 38.Kc3 Bc6 39.Re7 Rc8 40.Kd4 Kf8 41.Re5 Be4 42.Rc5 Re8 43.a4 Kg7
44.b5 axb5 45.axb5 Ra8 46.Ke5 Ra3 47.Kf4 Rb3 48.Rd7 Kg6 49.Rcc7 Rb4 50.Kg3 Rxb5
51.Rxf7 Rb4 52.Rfd7 f4+ 53.Kxf4  1-0

[Event "34th Olympiad"]
[Site "Istanbul TUR"]
[Date "2000.11.02"]
[Round "6"]
[White "Minasian,Art"]
[Black "Georgiev,Kr"]
[Result "1-0"]
[WhiteElo "2595"]
[BlackElo "2532"]

1.d4 Nf6 2.Bg5 c5 3.Bxf6 gxf6 4.d5 Qb6 5.Qc1 f5 6.g3 e6 7.c4 Bg7 8.Nc3 Qb4
9.e3 d6 10.a3 Qa5 11.Ne2 Nd7 12.Nf4 Nb6 13.Qd2 Bxc3 14.bxc3 Bd7 15.Be2 O-O-O
16.O-O h5 17.dxe6 Bxe6 18.Nd5 h4 19.Rfb1 Nxd5 20.cxd5 Bd7 21.a4 Rh6 22.Bb5 Qc7
23.Rb2 Rdh8 24.Qd3 Kb8 25.Ba6 Bc8 26.Rab1 hxg3 27.fxg3 b6 28.a5 Bxa6 29.Qxa6 Qe7
30.Rxb6+  1-0

[Event "34th Olympiad"]
[Site "Istanbul TUR"]
[Date "2000.11.02"]
[Round "6"]
[White "Rogers,I"]
[Black "Ghaem Maghami,E"]
[Result "0-1"]
[WhiteElo "2558"]
[BlackElo "2488"]

1.d4 Nf6 2.Bg5 d5 3.Bxf6 gxf6 4.e3 c6 5.c4 e6 6.Nc3 Nd7 7.cxd5 cxd5 8.Nf3 a6
9.Bd3 f5 10.g3 Bd6 11.Qb3 Rb8 12.O-O O-O 13.Rfc1 Qe7 14.Ne2 b5 15.Nf4 Nb6
16.Qd1 Bd7 17.Qe2 Rbc8 18.Ne5 Rxc1+ 19.Rxc1 Rc8 20.Rxc8+ Bxc8 21.Bb1 f6 22.Ned3 e5
23.Ng2 Nc4 24.Qc2 Bd7 25.Nde1 Kf8 26.Nf3 Ke8 27.Qc1 Kd8 28.Bc2 Bc7 29.Qb1 e4
30.Nfh4 Qb4 31.Bb3 a5 32.Bxc4 dxc4 33.Qc2 a4 34.g4 a3 35.bxa3 Qxa3 36.Nxf5 Qd3
37.Ne1 Qxc2 38.Nxc2 Bxf5 39.gxf5 Bd6 40.h3 b4 41.Na1 Kc7 42.Kf1 Kb6 43.Ke2 Kb5
44.Kd1 Ka4 45.Nc2 b3 46.axb3+ cxb3 47.Kc1 bxc2 48.Kxc2 Bb4 49.Kd1 Kb3 50.Ke2 Kc2  0-1

[Event "3rd Open"]
[Site "Etang Sale FRA"]
[Date "2000.11.04"]
[Round "8"]
[White "Goldenberg,R"]
[Black "Kosten,A"]
[Result "0-1"]
[WhiteElo "2274"]
[BlackElo "2524"]

1.d4 Nf6 2.Bg5 d5 3.e3 Ne4 4.Bf4 c5 5.Nd2 Qb6 6.Nxe4 dxe4 7.Rb1 Bf5 8.Ne2 Nc6
9.d5 O-O-O 10.Nc3 e6 11.dxc6 Rxd1+ 12.Rxd1 bxc6 13.Be2 f6 14.O-O e5 15.Bg3 Qxb2
16.Ba6+ Kc7 17.Rb1 Qxc3 18.Rb7+ Kd8 19.Rd1+ Ke8  0-1

[Event "Chigorin Mem"]
[Site "St Petersburg RUS"]
[Date "2000.11.04"]
[Round "4"]
[White "Nikolaev,N"]
[Black "Taranenko,O"]
[Result "0-1"]
[WhiteElo "2312"]
[BlackElo "2195"]

1.d4 Nf6 2.Bg5 c5 3.d5 Ne4 4.Bf4 e6 5.f3 Qa5+ 6.c3 Nf6 7.e4 exd5 8.exd5 d6
9.Na3 Be7 10.Qd2 O-O 11.c4 Qd8 12.Bd3 Nh5 13.Be3 f5 14.Ne2 Nd7 15.Nf4 Bh4+
16.g3 Ne5 17.O-O Nxf4 18.Bxf4 Bf6 19.Rae1 Bd7 20.b3 a6 21.Nc2 b5 22.Ne3 g5
23.Bxe5 Bxe5 24.f4 gxf4 25.gxf4 Bd4 26.Kh1 Kh8 27.Nc2 Bg7 28.Re2 Qf6 29.Ne1 Rae8
30.Nf3 Rxe2 31.Qxe2 Re8 32.Qd2 h6 33.Re1 Rg8 34.Qe3 Be8 35.Qe6 Bh5 36.Rf1 bxc4
37.bxc4 Qa1 38.Ne1 Bg4 39.Bxf5 Bxf5 40.Qxf5 Re8 41.Qd7 Rxe1 42.Qc8+ Kh7  0-1

[Event "ch-POL Semi-Finals"]
[Site "Polanczyk POL"]
[Date "2000.11.05"]
[Round "2"]
[White "Kukula,P"]
[Black "Luch,M"]
[Result "1-0"]
[WhiteElo "2248"]
[BlackElo "2072"]

1.d4 Nf6 2.Bg5 d5 3.Bxf6 exf6 4.e3 Be7 5.Nf3 O-O 6.c4 c6 7.cxd5 cxd5 8.Bd3 Nc6
9.Nc3 Be6 10.O-O f5 11.Rc1 Rc8 12.a3 g6 13.b4 a6 14.Na4 a5 15.b5 Nb8 16.Qb3 Qd6
17.Ra1 b6 18.Nc3 Nd7 19.Ne2 Rc7 20.a4 Rfc8 21.Rfc1 Rxc1+ 22.Rxc1 Rxc1+ 23.Nxc1 Qc7
24.Qc2 Qxc2 25.Bxc2 Bd6 26.Nd3 Kf8 27.Nfe5 Nxe5 28.Nxe5 Bxe5 29.dxe5 f6 30.exf6 Kf7
31.Kf1 Kxf6 32.Ke2 Ke5 33.Kd3 g5 34.f4+ gxf4 35.exf4+ Kd6 36.Kd4 h6 37.h3 Bd7
38.Bd1 Be8 39.g4 Bg6 40.Bc2 fxg4 41.Bxg6 gxh3 42.Bf7 h2 43.Bxd5 Ke7 44.Ke5 h5
45.Bh1  1-0

[Event "Chigorin Mem"]
[Site "St Petersburg RUS"]
[Date "2000.11.05"]
[Round "5"]
[White "Loginov,A"]
[Black "Prosunchikov,G"]
[Result "1-0"]
[WhiteElo "2338"]
[BlackElo "2059"]

1.d4 Nf6 2.Bg5 g6 3.c4 Bg7 4.Nc3 h6 5.Bh4 O-O 6.e3 b6 7.Be2 Bb7 8.Bxf6 exf6
9.Bf3 c6 10.g4 Qe7 11.Nge2 Qb4 12.b3 Na6 13.h4 Nc7 14.h5 d5 15.Qc2 g5 16.a3 Qd6
17.Ng3 Rfe8 18.Nf5 Qe6 19.c5 bxc5 20.Na4 Na6 21.dxc5 Bf8 22.Rd1 Nc7 23.Nd4 Qe5
24.Be2 Ne6 25.Nf5 Red8 26.Nd4 Re8 27.O-O Nxd4 28.Rxd4 Bc8 29.Bd3 Rb8 30.b4 Bg7
31.Nc3 Qe7 32.Bh7+ Kh8 33.Bf5 a6 34.Ne2 Qe5 35.Ng3 Be6 36.Qa4 Qc7 37.Qxa6 Ra8
38.Qd3 Ra4 39.b5 cxb5 40.Qxb5 Raa8 41.Rc1 Reb8 42.Qd3 Bf8 43.Rb4 Bd6 44.Ne2 Bh2+
45.Kg2 Bxf5 46.Qxf5 Be5 47.f4 gxf4 48.exf4 Rxb4 49.axb4 Ra2 50.Rc2 Rxc2 51.Qxc2 Bxf4
52.Nd4 Qe5 53.Nf5 Qe1 54.b5 Bb8 55.b6 Qe5 56.Nd6 Qf4 57.Qe2 Bxd6 58.cxd6 Qxd6
59.Qe8+ Kg7 60.b7 Qb4 61.b8=Q Qd2+ 62.Kh3  1-0

[Event "34th Olympiad"]
[Site "Istanbul TUR"]
[Date "2000.11.06"]
[Round "9"]
[White "Mynn Htoo"]
[Black "Bejaoui,A"]
[Result "1/2-1/2"]
[WhiteElo "2479"]
[BlackElo "2124"]

1.d4 Nf6 2.Bg5 d5 3.e3 Ne4 4.Bf4 Bf5 5.f3 Nf6 6.Nc3 e6 7.g4 Bg6 8.h4 h5 9.g5 Ng8
10.Bd3 Ne7 11.Nge2 Qd7 12.Qd2 Bxd3 13.cxd3 Ng6 14.Bg3 c5 15.dxc5 Bxc5 16.d4 Bd6
17.Bxd6 Qxd6 18.e4 dxe4 19.fxe4 Na6 20.O-O-O O-O-O 21.d5 Kb8 22.Nd4 exd5
23.exd5 Nb4 24.Ndb5 Qf4 25.Qxf4+ Nxf4 26.Rhf1 Nbxd5 27.Nxd5 Nxd5 28.Rxf7 a6
29.Nc3 Nxc3 30.bxc3 Rxd1+ 31.Kxd1 Re8 32.Rxg7 Re4 33.Rh7 Rxh4 34.g6 Rg4 35.g7 Ka7
36.Kc2 h4 37.Kb3 h3 38.Rxh3 Rxg7  1/2-1/2

[Event "34th Olympiad Women"]
[Site "Istanbul TUR"]
[Date "2000.11.07"]
[Round "10"]
[White "Hernandez,Ya"]
[Black "Connolly,S"]
[Result "1-0"]
[WhiteElo "2207"]
[BlackElo "2105"]

1.d4 d5 2.Bg5 Nf6 3.Bxf6 exf6 4.e3 Bf5 5.Ne2 c6 6.Ng3 Bg6 7.Bd3 Bd6 8.Nc3 Nd7
9.a3 a5 10.O-O Bxg3 11.hxg3 O-O 12.e4 dxe4 13.Bxe4 Bxe4 14.Nxe4 b5 15.Qg4 Nb6
16.Rfd1 Kh8 17.Rd3 a4 18.b3 Ra7 19.Nc5 Qd5 20.Qf4 h6 21.g4 Rfa8 22.bxa4 Nxa4
23.Ne4 Qd8 24.Rh3 Kg8 25.Rxh6 Nb6 26.Nxf6+ gxf6 27.Qh2  1-0

[Event "34th Olympiad"]
[Site "Istanbul TUR"]
[Date "2000.11.10"]
[Round "13"]
[White "Rossi,C"]
[Black "Mannion,S"]
[Result "0-1"]
[WhiteElo "2436"]
[BlackElo "2350"]

1.d4 Nf6 2.Bg5 d5 3.Bxf6 exf6 4.e3 Bd6 5.Bd3 O-O 6.Qf3 Re8 7.Ne2 Nc6 8.a3 Be6
9.Nbc3 Qd7 10.h3 a6 11.O-O-O Ne7 12.Nf4 c6 13.Nh5 b5 14.Ne2 Ng6 15.Nef4 f5
16.Rdg1 Bxf4 17.exf4 b4 18.axb4 Reb8 19.g4 f6 20.g5 fxg5 21.Rxg5 Rxb4 22.Rhg1 Qf7
23.h4 Rab8 24.b3 a5 25.Nxg7 Qxg7 26.Qh5 Bf7 27.Bxf5 Qxd4 28.Bxg6 Qxf4+ 29.Kd1 hxg6
30.Rxg6+ Kf8 31.Qh8+ Ke7 32.Re1+ Kd7 33.Qf6 Rd4+ 34.Ke2 Rd2+  0-1

[Event "34th Olympiad"]
[Site "Istanbul TUR"]
[Date "2000.11.12"]
[Round "14"]
[White "Efimov,I"]
[Black "Kveinys,A"]
[Result "0-1"]
[WhiteElo "2520"]
[BlackElo "2522"]

1.d4 Nf6 2.Bg5 d5 3.Bxf6 exf6 4.e3 Bd6 5.c4 dxc4 6.Bxc4 O-O 7.Nc3 f5 8.Nge2 Nd7
9.Qc2 Nf6 10.O-O-O a6 11.h3 g6 12.Bb3 b5 13.g4 Bb7 14.gxf5 b4 15.Na4 Be4
16.Qc4 Bxh1 17.Rxh1 Qe7 18.fxg6 hxg6 19.Bc2 Kg7 20.Rg1 Rh8 21.Qc6 Rae8 22.Qf3 Ne4
23.Rg4 Rh4 24.Qg2 Rxg4 25.hxg4 Ng5 26.Qd5 Ne4 27.Qxe4 Qxe4 28.Bxe4 Rxe4 29.g5 Be7
30.Kd2 Bxg5 31.Nc5 Re7 32.Nxa6 Bh4 33.Nxb4 Bxf2 34.Nd5 Re8 35.Nxc7 Rxe3 36.a4 Rb3
37.Kc2 Rb7 38.Nb5 g5 39.Nd6 Rd7 40.Ne4 Bxd4 41.Nxg5 Bxb2 42.Nf3 Ba1 43.Nd2 Re7
44.Ng3 Rc7+ 45.Kb1 Be5 46.Nge4 Bf4  0-1

[Event "Tenkes Kupa"]
[Site "Harkany HUN"]
[Date "2000.11.16"]
[Round "1"]
[White "Drozdov,Alexandre"]
[Black "Dlauchy,P"]
[Result "1/2-1/2"]
[WhiteElo "2262"]
[BlackElo "2006"]

1.d4 d5 2.Bg5 Nf6 3.Bxf6 exf6 4.e3 Bd6 5.c4 dxc4 6.Bxc4 O-O 7.Nc3 c6 8.Qf3 Be6
9.Bd3 Re8 10.Nge2 Qc8 11.h3 Nd7 12.Rc1 Qd8 13.O-O Rc8 14.a3 Nf8 15.Rfd1 Ng6
16.Ng3 Bxg3 17.Qxg3 f5 18.Ne2 Qh4 19.Qxh4 Nxh4 20.Nf4 Ng6 21.Nxe6 fxe6 22.f4 Ne7
23.Kf2 Kf7 24.b4 Red8 25.Rd2 Kf6 26.Rdc2 a6 27.Kf3 h5 28.g4 hxg4+ 29.hxg4 Rh8
30.Kg3 g6 31.g5+ Kf7 32.Bc4 Nd5 33.Re1 Rh7 34.Rh2 Rxh2 35.Kxh2 Rh8+ 36.Kg3 Nc3
37.Bd3 Nb5 38.a4 Nd6 39.Rc1 Ra8 40.Kf3 Kg7 41.e4 fxe4+ 42.Bxe4 Nxe4 43.Kxe4 Rd8
44.b5 axb5 45.axb5 cxb5 46.Rc7+ Kf8 47.Rxb7 Rd5 48.Ra7 Rd6 49.Rb7 Rd5 50.Ke3 Rf5
51.Kf3 Rd5 52.Ke4 Rf5 53.Rd7 Ke8 54.Rg7 Rf8 55.Rxg6 Kd7 56.Rg7+ Kd6 57.Rb7 Kc6
58.Rh7 b4 59.Rh3 Kb5 60.g6 Kc4 61.Rh7 b3 62.Rc7+ Kb4 63.g7 Rb8 64.Rb7+ Rxb7
65.g8=Q b2 66.Qg1 Kb3 67.Qb1 Rc7 68.Qd3+ Ka2 69.Qa6+ Kb1 70.Qa5 Rc8 71.Kd3 Rc1
72.Qa6 Rg1 73.Qxe6 Rg3+ 74.Kd2 Rg2+ 75.Ke3 Rg3+ 76.Ke2 Ra3 77.f5 Ka1 78.Qd6 Ra2
79.Ke3 b1=Q 80.Qc5 Qe1+ 81.Kf4 Rf2+ 82.Kg5 Qe3+ 83.Kf6 Qh6+ 84.Kf7 Qh7+ 85.Kf6 Qh6+
86.Kf7 Qh7+ 87.Kf6 Qh6+ 88.Kf7 Qh7+ 89.Kf6 Qh6+ 90.Kf7  1/2-1/2

[Event "Tch-AUT 2000-01"]
[Site "Gleisdorf AUT"]
[Date "2000.11.18"]
[Round "4"]
[White "Teske,H"]
[Black "Mahdy,T"]
[Result "1-0"]
[WhiteElo "2466"]
[BlackElo "2076"]

1.d4 Nf6 2.Bg5 c5 3.Bxf6 gxf6 4.dxc5 Na6 5.Nd2 Nxc5 6.g3 b5 7.Bg2 Rb8 8.e3 Qc7
9.Ne2 Bb7 10.O-O Bxg2 11.Kxg2 Bh6 12.Nd4 e6 13.Rc1 a5 14.c3 Qb7+ 15.Kg1 Bf8
16.Qh5 Be7 17.Rfd1 a4 18.a3 Nd3 19.Rc2 Ne5 20.N4f3 Qd5 21.Nxe5 Qxe5 22.Qe2 Bc5
23.Nf3 Qe4 24.Rcd2 d6 25.Nd4 Qb7 26.Qh5 Qe4 27.Ne2 Ke7 28.Nf4 Rb6 29.Nd3 Rc8
30.Qe2 Qg6 31.e4 Qg8 32.Kg2 Rc7 33.Qh5 Qg6 34.Qf3 e5 35.Qe2 Rb8 36.Nxc5 dxc5
37.Rd6 Kf8 38.Ra6 Kg7 39.Rdd6 b4 40.Qf3 bxc3 41.bxc3 Kh8 42.Rxf6 Qg7 43.Rxa4 Qf8
44.Qf5  1-0

[Event "Tenkes Kupa"]
[Site "Harkany HUN"]
[Date "2000.11.18"]
[Round "3"]
[White "Drozdov,Alexandre"]
[Black "Csiszar,C"]
[Result "1-0"]
[WhiteElo "2262"]
[BlackElo "2410"]

1.d4 Nf6 2.Bg5 d5 3.Bxf6 exf6 4.e3 Bd6 5.c4 dxc4 6.Bxc4 O-O 7.Nc3 c6 8.Qf3 Nd7
9.Nge2 Nb6 10.Bd3 Be6 11.Nf4 Bc4 12.Bc2 Nd5 13.Nfxd5 cxd5 14.a3 Rc8 15.h4 Re8
16.h5 Qa5 17.Kd2 h6 18.Qf5 Kf8 19.Rhc1 Rc6 20.Qh7 Rec8 21.Qh8+ Ke7 22.Qxg7 Ba6
23.Bg6 Kd8 24.Qxf7 Bc4 25.b4 Bxb4 26.axb4 Qxb4 27.Rab1 Bb3 28.Qxd5+  1-0

[Event "72nd ch-GER"]
[Site "Seebad Heringsdorf GER"]
[Date "2000.11.19"]
[Round "3"]
[White "Slobodjan,R"]
[Black "Naiditsch,A"]
[Result "1/2-1/2"]
[WhiteElo "2539"]
[BlackElo "2449"]

1.d4 Nf6 2.Bg5 d5 3.e3 c5 4.c3 Qb6 5.Qb3 Nc6 6.Nd2 Bf5 7.dxc5 Qxc5 8.Bxf6 gxf6
9.Ngf3 Rb8 10.Nd4 Bd7 11.Nxc6 Bxc6 12.Nf3 e6 13.Nd4 Bd6 14.Be2 h5 15.h4 Ke7
16.Bf3 Bd7 17.Qd1 b5 18.a3 a5 19.g3 b4 20.cxb4 axb4 21.a4 b3 22.O-O Rb4 23.a5 Be5
24.Nxb3 Qd6 25.Nd4 Bxg3 26.Bg2 Be5 27.a6 Ra8 28.Qxh5 Rxa6 29.Rxa6 Qxa6 30.Rd1 Qb6
31.Qf3 Rxb2 32.h5 Qd6 33.h6 f5 34.Qh5 Rb8 35.Nf3 Rh8 36.Rb1 Qc7 37.Nxe5 Qxe5
38.Qh4+ f6 39.Rb7 Qa1+ 40.Kh2 Qe5+ 41.Kg1 Qa1+ 42.Kh2 Qa6 43.Rb4 Qd6+ 44.Kg1 Rxh6
45.Qxh6 Qxb4 46.Qg7+ Kd8 47.Qxf6+ Kc8 48.Bf3 Qd6 49.Be2 Kc7 50.f4  1/2-1/2

[Event "72nd ch-GER"]
[Site "Seebad Heringsdorf GER"]
[Date "2000.11.22"]
[Round "6"]
[White "Buhmann,R"]
[Black "Knuth,H"]
[Result "1-0"]
[WhiteElo "2416"]
[BlackElo "2308"]

1.d4 Nf6 2.Bg5 d5 3.Nd2 Nbd7 4.Ngf3 c5 5.dxc5 Qa5 6.c3 Qxc5 7.Qa4 Qc6 8.Qc2 e5
9.Bxf6 Qxf6 10.e4 dxe4 11.Nxe4 Qc6 12.Bd3 Be7 13.O-O O-O 14.Rfe1 g6 15.a4 a6
16.Ned2 Bf6 17.b4 Qc7 18.Nc4 Re8 19.a5 Bg7 20.Rad1 b5 21.Be4 Rb8 22.Nd6 Re6
23.Nxf7 Kxf7 24.Ng5+ Ke7 25.Nxe6 Kxe6 26.Qb3+ Kf6 27.Re3 Qc4 28.Qxc4 bxc4
29.Bd5 Ke7 30.Bxc4 Bb7 31.Red3 Nf6 32.Rd6 Bc8 33.Rc6 Ne8 34.Bxa6 Bxa6 35.Rxa6 e4
36.Rc6 Be5 37.a6 Nc7 38.Rc5 Ke6 39.Rc6+ Ke7 40.g3 g5 41.Rc5 Ke6 42.Rc6+ Ke7
43.a7 Ra8 44.b5 Nxb5 45.Rd5 Bxc3 46.Rxb5 Bd4 47.Rb7+ Kd8 48.Rb8+  1-0

[Event "Tenkes Kupa"]
[Site "Harkany HUN"]
[Date "2000.11.24"]
[Round "9"]
[White "Drozdov,Alexandre"]
[Black "Amrein,R"]
[Result "1-0"]
[WhiteElo "2262"]
[BlackElo "2271"]

1.d4 Nf6 2.Bg5 c5 3.Bxf6 gxf6 4.dxc5 e6 5.e3 Bxc5 6.c4 Nc6 7.Nc3 f5 8.g3 Qb6
9.Qd2 Ne5 10.Be2 Qc6 11.f3 h5 12.e4 h4 13.g4 fxg4 14.f4 Nxc4 15.Bxc4 Bxg1
16.Rxg1 Qxc4 17.Rxg4 b5 18.b3 Qb4 19.Rg5 a6 20.O-O-O Ra7 21.Kb2 Rc7 22.a3 Qf8
23.Rdg1 b4 24.Nb1 Bb7 25.Qd4 f6 26.Rg7 Qc5 27.Qxc5 Rxc5 28.axb4 Rb5 29.Ka3 a5
30.bxa5 Rxa5+ 31.Kb4 Ra2 32.Nc3 Rd2 33.Kc5 Rc2 34.Kd4 Bc6 35.b4 Rh5 36.Rg8+ Ke7
37.e5 fxe5+ 38.fxe5 Rh7 39.b5 Bf3 40.Rc8 Rb2 41.Rgg8 Bh1 42.Rgf8 d5 43.Rce8+ Kd7
44.Ra8 Rb4+ 45.Kc5 Rc4+ 46.Kb6 Ke7 47.Ne2 d4 48.Rae8+ Kd7 49.Nf4 Be4 50.Rxe6 d3
51.Rd6+ Ke7 52.Rfd8 Rh6 53.e6 h3 54.R6d7+ Kf6 55.e7 Kg5+ 56.Ka5  1-0

[Event "Mitropa Team Cup"]
[Site "Charleville FRA"]
[Date "2000.11.25"]
[Round "1"]
[White "Eliet,N"]
[Black "Jelen,Ig"]
[Result "1-0"]
[WhiteElo "2391"]
[BlackElo "2423"]

1.d4 Nf6 2.Bg5 d5 3.Bxf6 gxf6 4.c4 dxc4 5.e3 Nd7 6.Bxc4 Nb6 7.Bb3 e6 8.Nc3 c6
9.Qh5 a5 10.Nge2 a4 11.Bc2 Nc4 12.Rb1 Ra5 13.Qf3 a3 14.b3 Nb6 15.b4 Ra8 16.b5 Bd7
17.bxc6 Bxc6 18.Be4 Rc8 19.O-O f5 20.Bxc6+ Rxc6 21.Rfd1 Bg7 22.d5 exd5 23.Nxd5 Nxd5
24.Rxd5 Qc8 25.Rxf5 O-O 26.h3 Rc2 27.Nd4 Rxa2 28.Rg5 h6 29.Nf5 hxg5 30.Ne7+ Kh7
31.Nxc8  1-0

[Event "Norkom European Masters"]
[Site "Kilkenny IRL"]
[Date "2000.11.25"]
[Round "4"]
[White "Bellin,R"]
[Black "O'Connell,G"]
[Result "1-0"]
[WhiteElo "2369"]
[BlackElo "2175"]

1.d4 Nf6 2.Bg5 c5 3.Bxf6 gxf6 4.d5 d6 5.e3 Bg7 6.Ne2 Qb6 7.Qc1 Bf5 8.Nd2 Nd7
9.Nc4 Qc7 10.a4 O-O 11.Ng3 Bg6 12.h4 h6 13.h5 Bh7 14.e4 Ne5 15.Ne3 e6 16.f4 Nd7
17.c3 f5 18.exf5 exd5 19.Nxd5 Rfe8+ 20.Kf2 Qc6 21.Bc4 a6 22.a5 b5 23.axb6 Nxb6
24.Nxb6 Qxb6 25.Qd2 Bf6 26.Kf3 Kg7 27.Qd5 Bg8 28.Ne4 Be7 29.f6+ Bxf6 30.g4 Rxe4
31.Qxe4 Qxb2 32.Rac1 Bh4 33.Rc2 f5 34.gxf5  1-0

[Event "4NCL"]
[Site "Birmingham ENG"]
[Date "2000.11.26"]
[Round "4"]
[White "Dishman,S"]
[Black "Mason,D"]
[Result "1/2-1/2"]
[WhiteElo "2364"]
[BlackElo "2286"]

1.d4 Nf6 2.Bg5 c5 3.Bxf6 gxf6 4.dxc5 Na6 5.c4 Nxc5 6.Nc3 d6 7.Nf3 Bg7 8.Nd4 f5
9.e3 Bd7 10.Be2 Qa5 11.O-O Ne4 12.Rc1 O-O 13.Qd3 Nxc3 14.Rxc3 Rfc8 15.a3 Qe5
16.f4 Qf6 17.Rc2 Rc7 18.b4 Rac8 19.b5 d5 20.Qb3 Qb6 21.Rd1 dxc4 22.Rxc4 e6
23.Nf3 Be8 24.Rdc1  1/2-1/2

[Event "4NCL"]
[Site "Birmingham ENG"]
[Date "2000.11.26"]
[Round "4"]
[White "Povah,N"]
[Black "Knott,S"]
[Result "0-1"]
[WhiteElo "2359"]
[BlackElo "2381"]

1.d4 Nf6 2.Bg5 c5 3.d5 d6 4.Nc3 h6 5.Bxf6 exf6 6.g3 g6 7.Bg2 Bg7 8.e3 f5
9.Nge2 b5 10.Nxb5 Bxb2 11.Rb1 Bg7 12.O-O O-O 13.c3 Na6 14.Qa4 Nc7 15.c4 Bd7
16.Qc2 Nxb5 17.cxb5 Qa5 18.Qc4 a6 19.bxa6 Qxa6 20.Qxa6 Rxa6 21.Nc1 Ba4 22.Rb7 Raa8
23.Rb6 Rfd8 24.Bf3 Rab8 25.Rxb8 Rxb8 26.Be2 Rb2 27.Bc4 Bb5 28.Bxb5 Rxb5 29.Rd1 Rb1
30.Re1 Ra1 31.Kf1 Bc3 32.Rd1 Bb2 33.Ke2 Rxc1 34.Rxc1 Bxc1 35.a4 c4 36.a5 Ba3
37.a6 Bc5 38.Kd2 Kf8 39.Kc3 Ke7 40.Kxc4 Kd7  0-1

[Event "FIDE WCh Women KO"]
[Site "New Delhi ITA"]
[Date "2000.11.27"]
[Round "1.1"]
[White "Tkeshelashvili,S"]
[Black "Maric,A"]
[Result "1/2-1/2"]
[WhiteElo "2286"]
[BlackElo "2443"]

1.d4 Nf6 2.Bg5 d5 3.e3 Nbd7 4.Nc3 e6 5.a3 Be7 6.Nf3 O-O 7.Bd3 b6 8.Ne5 Nxe5
9.dxe5 Nd7 10.Bf4 Nc5 11.Bb5 Bb7 12.Qg4 f5 13.Qg3 a5 14.Be2 Kh8 15.h4 c6
16.h5 b5 17.O-O b4 18.Nb1 Ne4 19.Qh3 bxa3 20.bxa3 Qb6 21.Ra2 Ba6 22.Bxa6 Rxa6
23.f3 Bg5 24.Qh2 Bxf4 25.Qxf4 Nc5 26.Qd4 Rb8 27.Nc3 Nd7 28.Rb1 Qc7 29.Rab2 Raa8
30.f4 h6 31.Na4 Rxb2 32.Rxb2 c5 33.Qd1 Qc6 34.c4 dxc4 35.Rd2 Nf8 36.Nc3 Kg8
37.Qe2 Qe8 38.Qxc4 Rc8 39.Qa6 Ra8 40.Qc4 Rc8 41.Qa6 Ra8 42.Qb6 c4 43.Rd4 Qxh5
44.Rxc4 Qh4 45.Nb5 Qe1+ 46.Kh2 Qh4+ 47.Kg1  1/2-1/2

[Event "FIDE WCh Women KO"]
[Site "New Delhi IND"]
[Date "2000.12.01"]
[Round "2.2"]
[White "Eidelson,R"]
[Black "Maric,A"]
[Result "0-1"]
[WhiteElo "2360"]
[BlackElo "2443"]

1.d4 Nf6 2.Bg5 d5 3.Bxf6 exf6 4.e3 Bd6 5.Nf3 O-O 6.c4 dxc4 7.Bxc4 f5 8.O-O Nd7
9.Nc3 c6 10.Qc2 Nf6 11.Rad1 Qe7 12.Bd3 g6 13.Rfe1 Be6 14.Qd2 Rad8 15.e4 fxe4
16.Nxe4 Nxe4 17.Rxe4 Qf6 18.Rh4 Bd5 19.Be4 Rfe8 20.Bxd5 cxd5 21.Rh3 Bf4 22.Qd3 Re4
23.g3 Bc7 24.Kg2 Bb6 25.Rh4 Rde8 26.Qb5 Rd8 27.Qd3 Qe7 28.Qd2 Re2 29.Qh6 f6
30.Re1 Rxe1 31.Nxe1 g5 32.Rg4 Qg7 33.Qh5 h6 34.Nf3 f5 35.Nxg5 fxg4 36.Ne6 Qf6
37.Qxg4+ Kh8 38.Nxd8 Qxd8 39.Qf4 Kg7 40.Qg4+ Kh8 41.Qf4 Qg5 42.Qb8+ Qg8 43.Qf4 Qg7
44.b3 Bxd4 45.Qd6 Qf6 46.Qxd5 Qxf2+ 47.Kh3 Qf1+ 48.Kg4 Qe2+ 49.Kh3 Qf1+ 50.Kg4 Bf6
51.h4 Qe2+ 52.Kh3 Qe7 53.Qf5 Kg7 54.Qg4+ Kf8 55.Qf5 a6 56.Kg2 Qf7 57.Qc8+ Kg7
58.Qg4+ Kh7 59.Qe4+ Kh8 60.Qf5 Qf8 61.Qe4 Qc8 62.Qg6 Qc6+ 63.Kh2 Bxh4 64.Qf7 Qd6
65.Qxb7 Qxg3+ 66.Kh1 Qh3+ 67.Kg1 Qe6 68.Qf3 Qf6 69.Qe2 Kg7 70.Kh1 Bg5 71.Kg2 Bf4
72.Qc4 h5 73.Qc8 Kh6 74.Kf3 Bg5+ 75.Kg2 Be3 76.Qb7 Qg7+  0-1

[Event "Mitropa Team Cup"]
[Site "Charleville FRA"]
[Date "2000.12.02"]
[Round "8"]
[White "Eliet,N"]
[Black "Borgo,G"]
[Result "0-1"]
[WhiteElo "2391"]
[BlackElo "2391"]

1.d4 Nf6 2.Bg5 d5 3.Bxf6 exf6 4.e3 Be6 5.Nd2 c6 6.Bd3 Nd7 7.Qf3 Bd6 8.Ne2 h5
9.e4 Qb6 10.exd5 cxd5 11.Nb3 Qc7 12.h3 a6 13.Nd2 Nb6 14.Ng3 h4 15.Nf5 Bf8
16.Ne3 O-O-O 17.a4 Kb8 18.a5 Nc8 19.O-O Bb4 20.Nb3 Ne7 21.Rfc1 Ka7 22.c4 dxc4
23.Bxc4 Qd6 24.d5 Bd7 25.Bf1 Ng6 26.Nc4 Qf4 27.Qxf4 Nxf4 28.Nb6 Bf5 29.Rc4 Bd6
30.Nc5 Rhe8 31.Rac1 g5 32.Nb3 Kb8 33.Nd4 Bg6 34.b4 Be5 35.Nf3 Nxd5 36.Nxe5 fxe5
37.b5 axb5 38.Rc5 Nxb6 39.axb6 Rc8 40.Bxb5 Rxc5 41.Rxc5 Re6 42.Bd7 Rxb6 43.Rxe5 Kc7
44.Bf5 f6 45.Ra5 Be8 46.Ra8 Bc6 47.Rf8 Bd5 48.Kf1 Ra6 49.g3 Bf3 50.Ke1 Rd6
51.Bc2 Re6+ 52.Kd2 Re2+ 53.Kc3 g4 54.hxg4 h3 55.Rh8 Bg2 56.g5 fxg5 57.Bf5 Rxf2
58.Bxh3 Rf3+ 59.Kd4 Rxg3 60.Bf5 Bf3 61.Rg8 Kb6 62.Rg7 Kb5 63.Ke5 Rg1 64.Bc8 b6
65.Kf6 g4 66.Ke5 Kb4 67.Kf4 Rc1 68.Be6 b5  0-1

[Event "Open"]
[Site "Mallorca ESP"]
[Date "2000.12.02"]
[Round "1"]
[White "Bellon Lopez,JM"]
[Black "Franco Ocampos,Z"]
[Result "0-1"]
[WhiteElo "2421"]
[BlackElo "2512"]

1.d4 d5 2.Bg5 Nf6 3.Bxf6 exf6 4.e3 c6 5.c3 Bd6 6.Bd3 O-O 7.Qc2 g6 8.h4 Nd7
9.h5 Kg7 10.Nd2 f5 11.O-O-O Nf6 12.hxg6 hxg6 13.f3 Re8 14.Nf1 Be6 15.Qf2 Qa5
16.Kb1 b5 17.a3 Qb6 18.Nd2 a5 19.Rc1 b4 20.a4 c5 21.Bb5 Bd7 22.Bxd7 Nxd7
23.Kc2 Qc6 24.Ra1 bxc3 25.bxc3 Rac8 26.Ne2 cxd4 27.Qh4 d3+ 28.Kxd3 Qa6+ 29.c4 Ne5+
30.Kc2 Nxc4 31.Qh6+ Kf6 32.Nd4 Nxd2+ 33.Kd1 Rh8 34.Qxh8+ Rxh8 35.Rxh8 Qd3  0-1

[Event "Open"]
[Site "Milan ITA"]
[Date "2000.12.03"]
[Round "1"]
[White "Bozzali,E"]
[Black "Barlocco,C"]
[Result "0-1"]
[WhiteElo "2085"]
[BlackElo "2179"]

1.d4 Nf6 2.Bg5 c5 3.d5 Ne4 4.Bh4 Qb6 5.Qc1 Qb4+ 6.c3 Qc4 7.Na3 Qxd5 8.Qe3 Nd6
9.Rd1 Qe4 10.Qxc5 Qxh4 11.Nf3 Qf6 12.Rxd6 exd6 13.Qxc8+ Qd8 14.Qxb7 Nc6 15.Nb5 Rc8
16.e3 Be7 17.Nfd4 O-O 18.Qa6 Rb8 19.b3 Rb6 20.Qa3 a6 21.Nxc6 dxc6 22.Nd4 c5
23.Nc2 d5 24.Be2 d4 25.Kd2 d3 26.Bxd3 c4  0-1

[Event "FSIMA December"]
[Site "Budapest HUN"]
[Date "2000.12.08"]
[Round "6"]
[White "Mensch,E"]
[Black "Vadasz,L"]
[Result "1-0"]
[WhiteElo "2302"]
[BlackElo "2301"]

1.d4 Nf6 2.Bg5 c5 3.Nc3 cxd4 4.Qxd4 Nc6 5.Qh4 e6 6.O-O-O Be7 7.e4 h6 8.f4 Rg8
9.Bxf6 Bxf6 10.Qe1 Qa5 11.e5 Be7 12.Kb1 f6 13.Nf3 fxe5 14.Nxe5 Nxe5 15.fxe5 Rb8
16.Bd3 b5 17.Bg6+ Kd8 18.Bf7 b4 19.Nd5 Rf8 20.Nxe7 Kxe7 21.Bg6 Rf4 22.Rf1 Rxf1
23.Qh4+ Rf6 24.exf6+ gxf6 25.Qxh6 Qe5  1-0

[Event "Bundesliga 2000-1"]
[Site "Mainz GER"]
[Date "2000.12.10"]
[Round "4"]
[White "Hennig,D"]
[Black "Schulzke,E"]
[Result "1-0"]
[WhiteElo "2442"]
[BlackElo "2263"]

1.d4 Nf6 2.Bg5 d5 3.Bxf6 exf6 4.e3 Bd6 5.c4 dxc4 6.Bxc4 O-O 7.Nc3 f5 8.Qc2 Nd7
9.Bd3 g6 10.Nb5 Bb4+ 11.Kf1 c6 12.a3 Be7 13.Nc3 Bf6 14.Rd1 f4 15.exf4 Bxd4
16.Bxg6 hxg6 17.Rxd4 Qf6 18.Nge2 Nc5 19.Nd5 cxd5 20.Qxc5 Bg4 21.f3 Rac8 22.Qb4 Bf5
23.g4 Be6 24.Qd2 Rc4 25.b3 Rc5 26.Kg2 Rfc8 27.Rd1 Rc2 28.Qe3 R8c3 29.Qxc3 Rxe2+
30.Kg3 g5 31.Qd3 gxf4+ 32.Rxf4  1-0

[Event "Schacknytt GM"]
[Site "Upplands Vasby SWE"]
[Date "2000.12.10"]
[Round "6"]
[White "Sokolov,An2"]
[Black "Veingold,A"]
[Result "1/2-1/2"]
[WhiteElo "2509"]
[BlackElo "2457"]

1.d4 Nf6 2.Bg5 d5 3.Nd2 c5 4.Bxf6 gxf6 5.dxc5 Na6 6.e4 Nxc5 7.Bb5+ Bd7 8.Qe2 dxe4
9.Nxe4 Nxe4 10.Bxd7+ Qxd7 11.Qxe4 f5 12.Qf3  1/2-1/2